00611nam a2200217Ia 4500008004100000020001700041040001400058082002100072100001600093245002700109260004000136300001100176365002600187366000800213505002200221530003000243620005100273630002700324650001500351730002700366100315s9999 xx 000 0 und d a0821357484  cENGLISH  b10893 a338.7  aWORLD BANK  aDoing Business in 2005 aWASHINGTON bWORLD BANK  c2005  a155   eRupees d1 b0.00  f0  gVaibhav Gaikwad  bDonated By RBI Library   a"Doing Business in 2005, Economic, RBI Book " aDoing Business in 2005 aECONOMIC  aDoing Business in 2005